Marketing in the common market : A guide to selling in the EEC

Saved in:
Bibliographic Details
Main Author: Deschampsneufs, Henry
Format: Book
Language:Undetermined
Published: London Pan Books Ltd 1973
Subjects:
Tags: Add Tag
No Tags, Be the first to tag this record!
Institutions: Trung tâm Học liệu Trường Đại học Cần Thơ
LEADER 00582nam a2200205Ia 4500
001 CTU_83478
008 210402s9999 xx 000 0 und d
082 |a 658.8 
082 |b D446 
100 |a Deschampsneufs, Henry 
245 0 |a Marketing in the common market : 
245 2 |b A guide to selling in the EEC 
245 0 |c Henry Deschampsneufs 
260 |a London 
260 |b Pan Books Ltd 
260 |c 1973 
650 |a Marketing 
650 |x European economic community countries 
904 |i QHieu(sửa) 
980 |a Trung tâm Học liệu Trường Đại học Cần Thơ